[Event "FIDE World Cup 2021"]
[Site "Krasnaya Polyana (Sochi) RUS"]
[Date "2021.07.17"]
[EventDate "2021.07.12"]
[Round "2.4"]
[Result "1/2-1/2"]
[White "Ivan Cheparinov"]
[Black "Rasmus Svane"]
[WhiteElo "2667"]
[BlackElo "2615"]
[PlyCount "62"]

1. d4 Nf6 2. c4 e6 3. Nf3 d5 4. g3 Be7 5. Bg2 O-O 6. O-O dxc4 7. Qc2 a6 8. a4
Bd7 9. Qxc4 Bc6 10. Bf4 Bd6 11. Qc1 Nbd7 12. Re1 Re8 13. Nc3 Bxf3 14. Bxf3 Bxf4
15. Qxf4 c6 16. a5 Qe7 17. Red1 Rad8 18. Bg2 h6 19. h3 e5 20. dxe5 Nxe5 21. Rxd8
Rxd8 22. Ra4 Ng6 23. Qb4 Qc7 24. Ra1 Re8 25. Rd1 Nf8 26. e3 h5 27. Na4 N8d7 28.
Qd2 Qe5 29. Qb4 Qc7 30. Qd2 Qe5 31. Qb4 1/2-1/2

[Event "FIDE World Cup 2021"]
[Site "Krasnaya Polyana (Sochi) RUS"]
[Date "2021.07.17"]
[EventDate "2021.07.12"]
[Round "2.4"]
[Result "1-0"]
[White "Nijat Abasov"]
[Black "Shant Sargsyan"]
[WhiteElo "2656"]
[BlackElo "2626"]
[PlyCount "72"]

1. e4 e5 2. Nc3 Nf6 3. d4 exd4 4. Qxd4 Nc6 5. Qd3 Bb4 6. Bd2 O-O 7. O-O-O d6 8.
f3 Be6 9. g4 Nd7 10. Nd5 Nc5 11. Qe3 Bxd5 12. exd5 Re8 13. Qf4 Bxd2+ 14. Qxd2
Ne5 15. g5 Qd7 16. h4 Qa4 17. Kb1 Re7 18. h5 Rae8 19. h6 Ng6 20. Ne2 Re5 21.
hxg7 Kxg7 22. b3 Qd7 23. Ng3 Kf8 24. Rxh7 Qe7 25. Bb5 c6 26. dxc6 Nxb3 27. axb3
Rxb5 28. Ne4 bxc6 29. Qxd6 Rd5 30. Rxd5 cxd5 31. Qxd5 Qc7 32. Nd6 Re1+ 33. Kb2
Ne5 34. g6 Qd7 35. g7+ Kg8 36. Qa8+ 1-0

[Event "FIDE World Cup 2021"]
[Site "Krasnaya Polyana (Sochi) RUS"]
[Date "2021.07.17"]
[EventDate "2021.07.12"]
[Round "2.4"]
[Result "1/2-1/2"]
[White "Samuel Sevian"]
[Black "Benjamin Bok"]
[WhiteElo "2647"]
[BlackElo "2624"]
[PlyCount "70"]

1. d4 Nf6 2. c4 e6 3. Nf3 d5 4. Nc3 Bb4 5. Qa4+ Nc6 6. e3 O-O 7. Qc2 Re8 8. Bd2
Bf8 9. Be2 Nb4 10. Qb1 dxc4 11. Bxc4 b6 12. O-O Bb7 13. e4 c5 14. dxc5 Bxc5 15.
Bg5 Qb8 16. Bb5 Rc8 17. Bxf6 gxf6 18. Qc1 Bf8 19. a3 Nc6 20. Rd1 Ne5 21. Qf4 a6
22. Be2 Nxf3+ 23. Qxf3 Qe5 24. Rd3 Rd8 25. Rad1 Rxd3 26. Rxd3 Bg7 27. Qe3 b5 28.
h4 f5 29. exf5 Qxe3 30. Rxe3 exf5 31. Re7 Bxc3 32. Rxb7 Bxb2 33. a4 Bf6 34. axb5
axb5 35. Rxb5 1/2-1/2

[Event "FIDE World Cup 2021"]
[Site "Krasnaya Polyana (Sochi) RUS"]
[Date "2021.07.17"]
[EventDate "2021.07.12"]
[Round "2.4"]
[Result "0-1"]
[White "Bogdan-Daniel Deac"]
[Black "Grigoriy Oparin"]
[WhiteElo "2639"]
[BlackElo "2654"]
[PlyCount "168"]

1. e4 e5 2. Nf3 Nc6 3. Bb5 Nf6 4. O-O Nxe4 5. Re1 Nd6 6. a4 Be7 7. Nc3 a6 8. Bf1
e4 9. Nxe4 Nxe4 10. Rxe4 d5 11. Re1 Bg4 12. c3 d4 13. d3 O-O 14. Be2 Bf5 15. Bf4
Re8 16. Rc1 Bd6 17. Qd2 Bc5 18. Bf1 Qd7 19. Bg3 h6 20. Qc2 Bb6 21. Nd2 Rad8 22.
Rxe8+ Rxe8 23. Nc4 Ba7 24. Qb3 Rb8 25. Re1 Be6 26. Qc2 Rd8 27. Nd2 Ne7 28. Nf3
Nf5 29. Bf4 Re8 30. h3 c6 31. g4 Ne7 32. Bg3 Ng6 33. Nxd4 Bxd4 34. cxd4 Qxd4 35.
Re4 Qd7 36. Qc5 Rd8 37. b4 Ne7 38. f4 f5 39. Re5 Nd5 40. gxf5 Bxf5 41. Kh2 Bg6
42. b5 axb5 43. axb5 Rf8 44. bxc6 bxc6 45. Qd4 Qf7 46. Bg2 Nxf4 47. Bxc6 Qa2+
48. Bf2 Qc2 49. Qc5 Qxd3 50. Re3 Qd2 51. Rf3 Rf6 52. Qd4 Qc1 53. Bd5+ Kh7 54.
Bc4 Ne6 55. Bxe6 Rxf3 56. Kg2 Rf6 57. Bd5 Qg5+ 58. Bg3 Qf5 59. Qd2 Qc2 60. Qxc2
Bxc2 61. h4 Rf5 62. Bf3 Rb5 63. Kf2 Bf5 64. Ke3 g5 65. hxg5 hxg5 66. Kf2 Rb2+
67. Kg1 Kg6 68. Bf2 g4 69. Bd5 Kg5 70. Bg3 Bd3 71. Bc6 Rc2 72. Bb7 Kf5 73. Bg2
Rd2 74. Bc7 Be4 75. Bf1 Bf3 76. Bg3 Ke4 77. Bc7 Rc2 78. Bb8 Rc8 79. Bg3 Ke3 80.
Bh4 Kf4 81. Be1 Rc2 82. Bb4 g3 83. Bd6+ Kg4 84. Ba3 Ra2 0-1

[Event "FIDE World Cup 2021"]
[Site "Krasnaya Polyana (Sochi) RUS"]
[Date "2021.07.17"]
[EventDate "2021.07.12"]
[Round "2.5"]
[Result "1/2-1/2"]
[White "Rasmus Svane"]
[Black "Ivan Cheparinov"]
[WhiteElo "2615"]
[BlackElo "2667"]
[PlyCount "88"]

1. e4 e5 2. Nf3 Nc6 3. Bc4 Bc5 4. c3 Nf6 5. d4 exd4 6. e5 d5 7. Bb5 Ne4 8. cxd4
Bb6 9. Nc3 O-O 10. Be3 f5 11. exf6 Rxf6 12. O-O Bg4 13. Be2 Qd6 14. Rc1 Kh8 15.
Nd2 Nxd2 16. Qxd2 Bxe2 17. Nxe2 Re8 18. a3 Na5 19. Rc3 Nc4 20. Qc1 c6 21. b3
Nxe3 22. Rxe3 Rfe6 23. b4 Kg8 24. Qd2 Qe7 25. Rxe6 Qxe6 26. Nc1 Qe4 27. Nb3 Qe2
28. Qc1 Qd3 29. Nc5 Qxd4 30. Nxb7 Re2 31. Nc5 h6 32. h3 Bxc5 33. bxc5 a5 34. Qb1
Qxc5 35. Qf5 Qf8 36. Qd3 Qe8 37. Qc3 a4 38. Rc1 Re4 39. Qxc6 Re1+ 40. Kh2 Qxc6
41. Rxc6 Ra1 42. Rd6 Rxa3 43. Rxd5 Rb3 44. Ra5 a3 1/2-1/2

[Event "FIDE World Cup 2021"]
[Site "Krasnaya Polyana (Sochi) RUS"]
[Date "2021.07.17"]
[EventDate "2021.07.12"]
[Round "2.5"]
[Result "1-0"]
[White "Samuel Sevian"]
[Black "Benjamin Bok"]
[WhiteElo "2647"]
[BlackElo "2624"]
[PlyCount "88"]

1. c4 Nf6 2. Nc3 e5 3. Nf3 Nc6 4. e3 Be7 5. a3 a5 6. d4 exd4 7. exd4 d5 8. h3
O-O 9. Bd3 h6 10. O-O Be6 11. cxd5 Nxd5 12. Bc2 Nf6 13. Qd3 Re8 14. Rd1 Bd5 15.
Ne5 Bf8 16. Ng4 Ne4 17. Ne3 Qh4 18. Rf1 Nxd4 19. Qxd4 Bc6 20. Bxe4 Bxe4 21. Nf5
Qd8 22. Nxe4 Qxd4 23. Nxd4 Rxe4 24. Be3 Be7 25. Nb3 a4 26. Nd2 Re6 27. Rac1 c6
28. Nf3 Bf6 29. Bd4 Bxd4 30. Nxd4 Re4 31. Rfd1 Kf8 32. Kf1 Ra5 33. Ne2 Ke8 34.
Nc3 Re6 35. Rd4 b5 36. Ne4 Ra7 37. Nd6+ Kf8 38. Rxc6 g6 39. Nxb5 Rxc6 40. Nxa7
Rc1+ 41. Ke2 Rc2+ 42. Rd2 Rc5 43. Ke3 Ke7 44. Rd4 1-0

[Event "FIDE World Cup 2021"]
[Site "Krasnaya Polyana (Sochi) RUS"]
[Date "2021.07.17"]
[EventDate "2021.07.12"]
[Round "2.5"]
[Result "1-0"]
[White "Jorge Cori"]
[Black "Sandro Mareco"]
[WhiteElo "2652"]
[BlackElo "2629"]
[PlyCount "70"]

1. c4 e6 2. Nf3 d5 3. e3 Nf6 4. b3 b6 5. Bb2 Bb7 6. Be2 Bd6 7. O-O O-O 8. d4
Nbd7 9. Nc3 a6 10. a4 c5 11. cxd5 exd5 12. Qb1 Re8 13. Rd1 Rc8 14. Qf5 Qe7 15.
Rac1 Qe6 16. Qb1 Ne4 17. Nxe4 dxe4 18. Ng5 Qh6 19. Nh3 cxd4 20. Bxd4 Ne5 21.
Rxc8 Rxc8 22. Nf4 Nf3+ 23. gxf3 g5 24. Kh1 Kf8 25. Qb2 exf3 26. Bc4 gxf4 27. e4
Ke7 28. Bg7 Qg6 29. Rg1 Qxe4 30. Qf6+ Kd7 31. Qxf7+ Kc6 32. Rd1 Kc5 33. Bc3 a5
34. Qd7 Rc6 35. Qxb7 1-0

[Event "FIDE World Cup 2021"]
[Site "Krasnaya Polyana (Sochi) RUS"]
[Date "2021.07.17"]
[EventDate "2021.07.12"]
[Round "2.5"]
[Result "0-1"]
[White "Alexey Sarana"]
[Black "Vladislav Kovalev"]
[WhiteElo "2640"]
[BlackElo "2637"]
[PlyCount "146"]

1. d4 Nf6 2. c4 e6 3. Nf3 b6 4. g3 Bb7 5. Bg2 c5 6. d5 exd5 7. Nh4 g6 8. Nc3 d6
9. Nxd5 Nxd5 10. Bxd5 Nc6 11. O-O Bg7 12. Nf3 Qd7 13. Rb1 O-O 14. Bf4 Rad8 15.
Re1 Nb4 16. Bxb7 Qxb7 17. a3 Nc6 18. Qd5 Na5 19. Qxb7 Nxb7 20. Red1 Rfe8 21. Kf1
h6 22. h4 Na5 23. b3 Re6 24. Rd3 a6 25. Nd2 Nc6 26. Rd1 b5 27. Nf3 bxc4 28. bxc4
Nd4 29. Nxd4 cxd4 30. e3 dxe3 31. Bxe3 Rc8 32. Rxd6 Rxc4 33. Rxe6 fxe6 34. Rd6
Ra4 35. Bc5 Kf7 36. Rd7+ Kg8 37. Bb4 a5 38. Be7 Bb2 39. Rd2 Bd4 40. Rc2 Kf7 41.
Rc7 e5 42. Bg5+ Ke6 43. Bc1 h5 44. Rc6+ Kf7 45. Ke2 e4 46. Kf1 Bf6 47. Ke2 Bd4
48. Rc8 Ke6 49. Re8+ Kd5 50. Rg8 Rc4 51. Bd2 a4 52. Rxg6 Rc2 53. Rg8 Ra2 54.
Rd8+ Kc4 55. Rc8+ Kd5 56. Rd8+ Kc4 57. Rc8+ Kb3 58. Rb8+ Kxa3 59. Kd1 Ra1+ 60.
Bc1+ Ka2 61. Kc2 a3 62. Ra8 Rxc1+ 63. Kxc1 Kb3 64. Rb8+ Kc3 65. Kb1 Bxf2 66. Rh8
e3 67. Rxh5 Bxg3 68. Rc5+ Kb3 69. Rb5+ Kc4 70. Rb7 e2 71. Re7 e1=Q+ 72. Rxe1
Bxe1 73. Ka2 Kb4 0-1

[Event "FIDE World Cup 2021"]
[Site "Krasnaya Polyana (Sochi) RUS"]
[Date "2021.07.17"]
[EventDate "2021.07.12"]
[Round "2.6"]
[Result "1/2-1/2"]
[White "Ivan Cheparinov"]
[Black "Rasmus Svane"]
[WhiteElo "2667"]
[BlackElo "2615"]
[PlyCount "86"]

1. e4 e5 2. Nf3 Nc6 3. d4 exd4 4. Nxd4 Nf6 5. Nxc6 bxc6 6. e5 Qe7 7. Qe2 Nd5 8.
h4 Qe6 9. Nd2 a5 10. g3 Ba6 11. c4 Nb4 12. Nf3 Qg6 13. h5 Qc2 14. Rh4 Be7 15.
Bg5 Bxg5 16. Nxg5 Rb8 17. a3 Qxe2+ 18. Kxe2 Nd5 19. Ke1 Ne7 20. b4 c5 21. b5 Bb7
22. Bh3 h6 23. Ne4 Bxe4 24. Rxe4 Nc8 25. Rd1 Nb6 26. Ke2 Rd8 27. f4 O-O 28. Kf3
Rfe8 29. Rd3 Kf8 30. Bf5 d6 31. exd6 cxd6 32. Rxe8+ Kxe8 33. Rc3 Ke7 34. Be4 Kf6
35. Bc6 Rc8 36. g4 Rc7 37. Rc2 Re7 38. Rc1 Re6 39. Bd5 Re8 40. Be4 a4 41. Bc6
Re7 42. Be4 Re8 43. Bc6 Re7 1/2-1/2

[Event "FIDE World Cup 2021"]
[Site "Krasnaya Polyana (Sochi) RUS"]
[Date "2021.07.17"]
[EventDate "2021.07.12"]
[Round "2.6"]
[Result "0-1"]
[White "Benjamin Bok"]
[Black "Samuel Sevian"]
[WhiteElo "2624"]
[BlackElo "2647"]
[PlyCount "120"]

1. d4 Nf6 2. c4 e6 3. Nc3 Bb4 4. f3 d5 5. a3 Be7 6. e4 dxe4 7. fxe4 c5 8. e5
Nfd7 9. dxc5 Nc6 10. Nf3 a5 11. Bf4 Nxc5 12. Qxd8+ Nxd8 13. O-O-O O-O 14. Be2 b6
15. Nd4 Bb7 16. Ndb5 f6 17. exf6 Bxf6 18. Bc7 Ne4 19. Bxb6 Nf2 20. Bxf2 Bg5+ 21.
Kb1 Rxf2 22. Bf3 Bxf3 23. gxf3 Bf6 24. Rhe1 Rxh2 25. Re2 Rxe2 26. Nxe2 Rc8 27.
b3 Nf7 28. Rd7 Ne5 29. Ra7 Nxf3 30. Nd6 Rb8 31. Kc2 Be5 32. c5 Bxd6 33. cxd6 Rd8
34. Rxa5 Rxd6 35. Kc3 g5 36. b4 h5 37. b5 Kf7 38. Ra6 Rd8 39. a4 Ne5 40. Nd4 h4
41. Nxe6 Rg8 42. Nxg5+ Rxg5 43. Rh6 Rg3+ 44. Kd4 Nf3+ 45. Ke3 Kg7 46. Rh5 Kg6
47. Rh8 Kg7 48. Rh5 Kg6 49. Rh8 Kg7 50. Rc8 h3 51. Rc1 h2 52. Rh1 Rg1 53. Rxh2
Nxh2 54. b6 Rb1 55. a5 Kf6 56. Kd4 Ke6 57. Kc5 Kd7 58. a6 Kc8 59. Kc6 Rc1+ 60.
Kb5 Kb8 0-1

[Event "FIDE World Cup 2021"]
[Site "Krasnaya Polyana (Sochi) RUS"]
[Date "2021.07.17"]
[EventDate "2021.07.12"]
[Round "2.6"]
[Result "1/2-1/2"]
[White "Sandro Mareco"]
[Black "Jorge Cori"]
[WhiteElo "2629"]
[BlackElo "2652"]
[PlyCount "98"]

1. e4 e6 2. d4 d5 3. e5 c5 4. c3 Nc6 5. Nf3 Nh6 6. Bd3 cxd4 7. cxd4 Nf5 8. Bxf5
exf5 9. Nc3 Be6 10. h4 h6 11. Ne2 g6 12. Bd2 Qb6 13. Rb1 a5 14. O-O Be7 15. a3
Qd8 16. Qb3 Rb8 17. g3 g5 18. Kg2 f4 19. hxg5 hxg5 20. Rh1 Kd7 21. gxf4 gxf4 22.
Bxf4 b5 23. Rbc1 Rxh1 24. Rxh1 a4 25. Qd3 Na5 26. Bg3 Nc4 27. Rb1 b4 28. Nf4
bxa3 29. bxa3 Rxb1 30. Qxb1 Qb6 31. Qh7 Nxa3 32. Bh4 Bxh4 33. Qxh4 Qb1 34. Ng5
Qf5 35. Nh5 Nc4 36. Nf6+ Kc6 37. Nxe6 fxe6 38. Qh8 Qg5+ 39. Kh3 Qf5+ 40. Kg3 Kb5
41. Qb8+ Ka5 42. Qa7+ Kb4 43. Qc5+ Kc3 44. Ng4 a3 45. Ne3 Qg6+ 46. Kh2 Qh7+ 47.
Kg3 Qg6+ 48. Kh2 Qh7+ 49. Kg3 1/2-1/2

[Event "FIDE World Cup 2021"]
[Site "Krasnaya Polyana (Sochi) RUS"]
[Date "2021.07.17"]
[EventDate "2021.07.12"]
[Round "2.6"]
[Result "1/2-1/2"]
[White "Vladislav Kovalev"]
[Black "Alexey Sarana"]
[WhiteElo "2637"]
[BlackElo "2640"]
[PlyCount "282"]

1. e4 c5 2. Ne2 d6 3. g3 Nc6 4. Bg2 h5 5. c3 h4 6. d4 h3 7. Bf3 Nf6 8. O-O e5 9.
Na3 Be7 10. Nc4 b5 11. dxe5 Nxe5 12. Nxe5 dxe5 13. Qxd8+ Kxd8 14. a4 Ba6 15.
axb5 Bxb5 16. Be3 Kc7 17. c4 Bxc4 18. Rfc1 Bxe2 19. Bxe2 Rhb8 20. Bc4 Rxb2 21.
Bxf7 a5 22. Be6 a4 23. Bxh3 a3 24. Be6 Ra6 25. Bc4 Ra4 26. f3 Nd7 27. Rc3 Nb6
28. Bb3 Ra5 29. Be6 c4 30. Bxc4 Nxc4 31. Rxc4+ Kd7 32. Bc1 Bc5+ 33. Kh1 Bd4 34.
Rxa3 Rxa3 35. Bxb2 Bxb2 36. Kg2 Bd4 37. f4 Ra2+ 38. Kh3 Bg1 39. Rb4 Rxh2+ 40.
Kg4 Ke7 41. Rb7+ Kf8 42. Kf5 exf4 43. gxf4 Bc5 44. e5 Rh6 45. Rc7 Be7 46. Ra7
Kf7 47. Kg4 Rh4+ 48. Kg3 Rh5 49. Kg4 g6 50. Ra6 Rh4+ 51. Kg3 Rh1 52. Kg4 Rg1+
53. Kf3 Bh4 54. Rc6 Ra1 55. Kg4 Be7 56. Kf3 Ra4 57. Kg3 Bd8 58. Rd6 Be7 59. Rc6
Bb4 60. Rf6+ Kg7 61. f5 gxf5 62. Rxf5 Kg6 63. Rf1 Kg5 64. Kf3 Kf5 65. Kg3+ Kxe5
66. Rf7 Bd6 67. Rf1 Re4 68. Kf3 Bc5 69. Kg3 Re3+ 70. Rf3 Re2 71. Rc3 Bd4 72. Ra3
Ke4 73. Ra4 Re1 74. Ra2 Rf1 75. Re2+ Be3 76. Ra2 Rg1+ 77. Rg2 Bf4+ 78. Kh3 Rh1+
79. Kg4 Rh6 80. Re2+ Be3 81. Rg2 Ra6 82. Kg3 Rf6 83. Kg4 Bf2 84. Kh3 Rf8 85. Kg4
Be3 86. Kh3 Bf4 87. Kg4 Rg8+ 88. Kh3 Bg5 89. Rg4+ Kf5 90. Rg1 Ra8 91. Rg2 Bf4
92. Rg7 Ra2 93. Rf7+ Ke4 94. Kg4 Rg2+ 95. Kh5 Rg8 96. Rf6 Kf3 97. Rf5 Rg1 98.
Rf6 Rg2 99. Rf7 Ke4 100. Rf6 Rg5+ 101. Kh6 Rg2+ 102. Kh5 Bg5 103. Rf7 Ke5 104.
Rf1 Bf4 105. Kh4 Kf5 106. Rf3 Ra2 107. Rb3 Rc2 108. Rf3 Rb2 109. Ra3 Bc7 110.
Rf3+ Bf4 111. Ra3 Rb8 112. Kh3 Rg8 113. Rf3 Ra8 114. Rb3 Ra2 115. Kh4 Rf2 116.
Ra3 Be5 117. Rb3 Rf1 118. Ra3 Rh1+ 119. Rh3 Ra1 120. Rf3+ Bf4 121. Rb3 Ra8 122.
Kh3 Rh8+ 123. Kg2 Kg4 124. Ra3 Rh2+ 125. Kg1 Bg3 126. Re3 Rb2 127. Kf1 Kf4 128.
Re2 Rb8 129. Ra2 Kf3 130. Ra3+ Kg4 131. Ra2 Re8 132. Kg2 Rh8 133. Re2 Rh7 134.
Re4+ Bf4 135. Re2 Rh3 136. Rf2 Be3 137. Ra2 Rg3+ 138. Kh2 Kf3 139. Ra8 Rg7 140.
Rf8+ Bf4+ 141. Kh1 Rh7+ 1/2-1/2

[Event "FIDE World Cup 2021"]
[Site "Krasnaya Polyana (Sochi) RUS"]
[Date "2021.07.17"]
[EventDate "2021.07.12"]
[Round "2.7"]
[Result "0-1"]
[White "Ivan Cheparinov"]
[Black "Rasmus Svane"]
[WhiteElo "2667"]
[BlackElo "2615"]
[PlyCount "70"]

1. d4 Nf6 2. c4 e6 3. Nf3 d5 4. g3 Be7 5. Bg2 O-O 6. O-O dxc4 7. Qc2 a6 8. a4
Bd7 9. Qxc4 Bc6 10. Bf4 Bd6 11. Qc1 Nbd7 12. Re1 Re8 13. Nc3 Bxf3 14. Bxf3 Bxf4
15. Qxf4 c6 16. a5 Qe7 17. Red1 Rad8 18. Bg2 h6 19. Ra4 Nf8 20. Qe3 Ng6 21. Qc1
Rd7 22. e4 Red8 23. e5 Ne8 24. f4 Nc7 25. Qe3 Nb5 26. Ne4 c5 27. Nxc5 Qxc5 28.
dxc5 Rxd1+ 29. Bf1 Ne7 30. Rc4 Nf5 31. Qe4 R8d2 32. c6 bxc6 33. Rxc6 Nbd4 34.
Rc8+ Kh7 35. g4 Ne2+ 0-1

[Event "FIDE World Cup 2021"]
[Site "Krasnaya Polyana (Sochi) RUS"]
[Date "2021.07.17"]
[EventDate "2021.07.12"]
[Round "2.8"]
[Result "0-1"]
[White "Rasmus Svane"]
[Black "Ivan Cheparinov"]
[WhiteElo "2615"]
[BlackElo "2667"]
[PlyCount "166"]

1. Nf3 g6 2. e4 Bg7 3. d4 d6 4. Bd3 Nf6 5. O-O O-O 6. Re1 Nc6 7. Nbd2 e5 8. dxe5
dxe5 9. Nc4 Qe7 10. a4 h6 11. c3 a5 12. Qe2 Nh5 13. g3 Be6 14. Ne3 Rad8 15. Bc4
Nf6 16. Bd3 Nd7 17. Bc4 Nb6 18. Bxe6 Qxe6 19. Nd2 f5 20. Ndc4 f4 21. Nd5 Nxd5
22. exd5 Qxd5 23. Bd2 g5 24. Rad1 Qd3 25. Qxd3 Rxd3 26. Bc1 Rfd8 27. Rxd3 Rxd3
28. Kf1 Kf7 29. Ke2 Rd5 30. Nd2 Ke6 31. f3 b6 32. b3 Ne7 33. Ba3 Nf5 34. Ne4 Ne3
35. Bc1 Nf5 36. Ba3 Bf6 37. g4 Ne7 38. Bxe7 Bxe7 39. c4 Rd8 40. Rd1 Rb8 41. Kd3
h5 42. h3 hxg4 43. hxg4 Rh8 44. Rf1 Rh2 45. Rf2 Rh1 46. Kc2 Kf7 47. Rd2 Ke6 48.
Rf2 Rh3 49. Kd3 Kf7 50. Ke2 Kg6 51. Rf1 Rh2+ 52. Rf2 Rh8 53. Rf1 Bc5 54. Nxc5
bxc5 55. Rd1 Rh2+ 56. Kd3 Kf6 57. Rf1 Ke6 58. Kc3 Re2 59. Kd3 Rb2 60. Kc3 Rh2
61. Kd3 Rg2 62. Kc3 e4 63. fxe4 Rxg4 64. Rh1 Rg3+ 65. Kd2 Rxb3 66. Rh7 g4 67.
Rxc7 Ke5 68. Re7+ Kd4 69. e5 g3 70. e6 Ke5 71. Rf7 Kxe6 72. Rxf4 Ke5 73. Rg4 Kf5
74. Rg8 Kf4 75. Ke2 Rb2+ 76. Kf1 Rc2 77. Ra8 Rxc4 78. Ke2 Rxa4 79. Rf8+ Ke4 80.
Re8+ Kd5 81. Rd8+ Kc4 82. Rg8 g2 83. Ke3 Ra2 0-1

[Event "FIDE World Cup 2021"]
[Site "Krasnaya Polyana (Sochi) RUS"]
[Date "2021.07.17"]
[EventDate "2021.07.12"]
[Round "2.9"]
[Result "1-0"]
[White "Ivan Cheparinov"]
[Black "Rasmus Svane"]
[WhiteElo "2667"]
[BlackElo "2615"]
[PlyCount "117"]

1. e4 e5 2. Nf3 Nc6 3. d4 exd4 4. Nxd4 Nf6 5. Nxc6 bxc6 6. e5 Qe7 7. Qe2
Nd5 8. h4 Qe6 9. Nd2 a5 10. g3 Ba6 11. c4 Nb4 12. Bh3 Qg6 13. Ne4 h5 14. a3
Nd5 15. O-O Nb6 16. Qf3 Qh7 17. Bf5 Qg8 18. c5 Nd5 19. Re1 Be7 20. Nd6+ Kd8
21. Bd2 Bc8 22. Ne4 f6 23. exf6 gxf6 24. Rad1 Qg7 25. Nc3 Bb7 26. Be4 Nxc3
27. Bxc3 Kc8 28. Bf5 Rd8 29. Rxd7 Rxd7 30. Rd1 Kb8 31. Rxd7 Qf8 32. Qf4 Bd8
33. Qd4 Be7 34. Qf4 Bd8 35. Bd4 Bc8 36. Rh7 Bxf5 37. Qxf5 Kb7 38. Qxh5 Be7
39. Qf7 Rd8 40. Qxf8 Bxf8 41. Bxf6 Rd1+ 42. Kg2 Bxc5 43. Be5 Bb6 44. h5 Rd2
45. Rf7 Rd5 46. f4 Rd2+ 47. Kh3 Bg1 48. Kg4 Kb6 49. h6 Rh2 50. h7 c5 51.
Kg5 Bd4 52. Bxd4 cxd4 53. Kg6 d3 54. Rd7 d2 55. Rxd2 Rxd2 56.h8=Q Rd6+ 57.Kg5 Rd5+ 58.f5 Rd8 59.Qxd8 1-0

[Event "FIDE World Cup 2021"]
[Site "Krasnaya Polyana (Sochi) RUS"]
[Date "2021.07.19"]
[EventDate "2021.07.12"]
[Round "3.2"]
[Result "0-1"]
[White "Fabiano Caruana"]
[Black "Rinat Jumabayev"]
[WhiteElo "2806"]
[BlackElo "2637"]
[PlyCount "116"]

1. c4 e6 2. Nc3 d5 3. d4 Nf6 4. cxd5 exd5 5. Bg5 c6 6. Qc2 Be7 7. e3 Nbd7
8. Bd3 Nh5 9. Bxe7 Qxe7 10. Nge2 g6 11. O-O O-O 12. Rae1 Ndf6 13. Nc1 Be6
14. f3 b6 15. Qf2 c5 16. Qh4 Qd8 17. g4 Ng7 18. N1e2 Rb8 19. a4 c4 20. Bc2
a6 21. Nf4 b5 22. axb5 axb5 23. b4 cxb3 24. Bxb3 b4 25. Nce2 Bc8 26. Ng3
Ba6 27. g5 Bxf1 28. Rxf1 Nfe8 29. Nxd5 Rb5 30. Qe4 Qxg5 31. f4 Qd8 32. f5
Nf6 33. Nxf6+ Qxf6 34. fxg6 Qxg6 35. Bxf7+ Qxf7 36. Rxf7 Rxf7 37. Qd3 Rg5
38. Kg2 Nf5 39. e4 Nh4+ 40. Kh3 Ng6 41. Qc4 h5 42. Kg2 h4 43. Kh3 hxg3 44.
hxg3 Kg7 45. Qxb4 Rf3 46. Qb7+ Kh6 47. Qb8 Re3 48. d5 Rxe4 49. d6 Rd4 50.
Qb2 Rxd6 51. Qc3 Rdd5 52. Qe3 Ra5 53. Kg2 Re5 54. Qd4 Rd5 55. Qe3 Rd3 56.
Qe1 Nf4+ 57. Kf2 Rgxg3 58. Qe4 Rg2+ 0-1

[Event "FIDE World Cup 2021"]
[Site "Krasnaya Polyana (Sochi) RUS"]
[Date "2021.07.20"]
[EventDate "2021.07.12"]
[Round "3.3"]
[Result "0-1"]
[White "Anish Giri"]
[Black "Nodirbek Abdusattorov"]
[WhiteElo "2776"]
[BlackElo "2634"]
[PlyCount "82"]

1. e4 e6 2. d4 d5 3. Nd2 c5 4. Ngf3 Nc6 5. exd5 exd5 6. Bb5 Qe7+ 7. Be2 Qc7 8.
dxc5 Bxc5 9. Nb3 Bb6 10. O-O Nge7 11. Nfd4 O-O 12. Be3 a6 13. Nxc6 bxc6 14. Bxb6
Qxb6 15. Qd4 Qxd4 16. Nxd4 Rb8 17. Nb3 Bf5 18. Rfc1 a5 19. Rab1 a4 20. Nc5 Ra8
21. Bd3 Ra5 22. Bxf5 Nxf5 23. Nd7 Re8 24. c4 d4 25. b4 axb3 26. axb3 Ra2 27. Nc5
Ree2 28. Nd3 Nd6 29. Ra1 Ne4 30. Rxa2 Rxa2 31. Re1 f5 32. g4 Ng5 33. Kg2 fxg4
34. Kg3 Nf3 35. Re7 Rd2 36. Nf4 d3 37. Re3 h5 38. Nxh5 Rd1 39. Kxg4 Nxh2+ 40.
Kf4 d2 41. Rd3 Nf1 0-1

[Event "FIDE World Cup 2021"]
[Site "Krasnaya Polyana (Sochi) RUS"]
[Date "2021.07.20"]
[EventDate "2021.07.12"]
[Round "3.3"]
[Result "0-1"]
[White "Shakhriyar Mamedyarov"]
[Black "Haik M Martirosyan"]
[WhiteElo "2782"]
[BlackElo "2632"]
[PlyCount "182"]

1. c4 e5 2. Nc3 Nf6 3. e3 Bb4 4. Nge2 c6 5. d4 exd4 6. Qxd4 O-O 7. a3 Be7 8. g4
d6 9. g5 Nfd7 10. f4 Nc5 11. Qd1 a5 12. Nd4 a4 13. h4 Re8 14. Bg2 Nbd7 15. O-O
Bf8 16. Qe2 Qb6 17. Rb1 Nb3 18. Nc2 Ndc5 19. Kh2 Be6 20. e4 Qa6 21. Ne3 Na5 22.
f5 Bxc4 23. Nxc4 Nxc4 24. Rd1 d5 25. Bf4 Rad8 26. Rd4 Nb3 27. Rd3 d4 28. Rbd1
Bd6 29. Bxd6 Nxd6 30. Qc2 Qc4 31. Qf2 dxc3 32. Rxc3 Nxe4 33. Rxd8 Rxd8 34. Qf4
Qd4 35. Qxe4 Qxe4 36. Bxe4 Rd4 37. Bc2 Na5 38. Kh3 Kf8 39. f6 gxf6 40. gxf6 Rf4
41. Kg3 Rxf6 42. Bxa4 b5 43. Bc2 h6 44. b4 Nb7 45. a4 bxa4 46. Bxa4 Nd8 47. b5
cxb5 48. Bxb5 Ne6 49. Bd7 Nd4 50. Bg4 Kg7 51. Rc4 Nc6 52. Re4 Rd6 53. Bh5 Rd3+
54. Kg2 Rd5 55. Bf3 Ne5 56. Re2 Ra5 57. Be4 Ra3 58. Bf5 Kf6 59. Rf2 Re3 60. Bb1+
Kg7 61. Bf5 Rc3 62. Re2 Nc4 63. Rf2 Ne3+ 64. Kh2 Rc4 65. Kg3 Rc3 66. Kh2 Rc5 67.
Bh3 Kg6 68. Rf3 Re5 69. Kg3 f5 70. Bf1 Kf6 71. Bh3 Nd5 72. Ra3 Re3+ 73. Rxe3
Nxe3 74. Kf3 Nd5 75. Bf1 Ke5 76. Bc4 Nb4 77. Bb5 Nc2 78. Be8 Nd4+ 79. Ke3 f4+
80. Kf2 Nf5 81. h5 Nd4 82. Bg6 Kf6 83. Be8 Kg5 84. Bg6 Kg4 85. Be8 Nc2 86. Bg6
Nb4 87. Be8 Nd3+ 88. Ke2 Ne5 89. Kf2 f3 90. Ke3 Kg3 91. Ke4 Nc4 0-1

[Event "FIDE World Cup 2021"]
[Site "Krasnaya Polyana (Sochi) RUS"]
[Date "2021.07.20"]
[EventDate "2021.07.12"]
[Round "3.3"]
[Result "1-0"]
[White "Vachier-Lagrave, Maxime"]
[Black "David Paravyan"]
[WhiteElo "2749"]
[BlackElo "2625"]
[PlyCount "90"]

1. e4 c5 2. Nf3 Nc6 3. d4 cxd4 4. Nxd4 Nf6 5. Nc3 e5 6. Ndb5 d6 7. Nd5 Nxd5 8.
exd5 Ne7 9. c4 Ng6 10. Qa4 Bd7 11. Qb4 Bf5 12. h4 a6 13. Nc3 Be7 14. h5 Nf4 15.
Qa4+ b5 16. cxb5 O-O 17. Bxf4 axb5 18. Qb4 exf4 19. Qxf4 Bd7 20. Be2 b4 21. Qxb4
Rb8 22. Nb5 Bf6 23. a4 Re8 24. Kf1 Qe7 25. Re1 Be5 26. g3 Qf6 27. Kg2 Red8 28.
b3 Bxb5 29. Bxb5 Bc3 30. Qc4 Bxe1 31. Rxe1 Rdc8 32. Bc6 Qb2 33. Re3 Qd2 34. Qf4
Qc2 35. b4 h6 36. b5 Qc5 37. Re4 Rd8 38. Qe3 Qc2 39. a5 Qd1 40. a6 f5 41. Re7 f4
42. Qf3 Qa1 43. a7 Rbc8 44. b6 fxg3 45. Qxg3 1-0

[Event "FIDE World Cup 2021"]
[Site "Krasnaya Polyana (Sochi) RUS"]
[Date "2021.07.20"]
[EventDate "2021.07.12"]
[Round "3.3"]
[Result "0-1"]
[White "Jakhongir Vakhidov"]
[Black "Pavel Ponkratov"]
[WhiteElo "2534"]
[BlackElo "2629"]
[PlyCount "84"]

1. c4 Nf6 2. Nc3 e5 3. Nf3 Nc6 4. e4 Bb4 5. d3 d6 6. a3 Bxc3+ 7. bxc3 O-O 8. g3
Nd7 9. Bg2 a6 10. a4 Nc5 11. Nh4 Na5 12. Be3 Bd7 13. O-O b5 14. axb5 axb5 15.
cxb5 Bxb5 16. c4 Bd7 17. Nf5 Kh8 18. f4 exf4 19. Rxf4 Nc6 20. Rxa8 Qxa8 21. d4
Qa3 22. Bc1 Qd3 23. Qh5 Bxf5 24. exf5 Nxd4 25. Bf1 Qc3 26. f6 g6 27. Qh6 Nce6
28. Rf2 Nf5 29. Qd2 Qxd2 30. Bxd2 h5 31. Bd3 Nfd4 32. Be4 Rb8 33. Kg2 Kg8 34. h3
Nc5 35. Bxg6 fxg6 36. f7+ Kg7 37. f8=Q+ Rxf8 38. Bh6+ Kxh6 39. Rxf8 Kg7 40. Rf1
Nd7 41. Ra1 Kf6 42. Ra7 Ne6 0-1

[Event "FIDE World Cup 2021"]
[Site "Krasnaya Polyana (Sochi) RUS"]
[Date "2021.07.20"]
[EventDate "2021.07.12"]
[Round "3.3"]
[Result "1/2-1/2"]
[White "Baskaran Adhiban"]
[Black "Santosh Gujrathi Vidit"]
[WhiteElo "2660"]
[BlackElo "2726"]
[PlyCount "78"]

1. e4 e5 2. Bc4 Nf6 3. d3 c6 4. Nf3 d5 5. Bb3 a5 6. a4 Bb4+ 7. c3 Bd6 8. exd5
Nxd5 9. Nbd2 O-O 10. Ne4 Bc7 11. O-O Bg4 12. h3 Bh5 13. Ng3 Bg6 14. Re1 Nd7 15.
d4 exd4 16. Bxd5 cxd5 17. Qxd4 Re8 18. Rxe8+ Qxe8 19. Qxd5 Bxg3 20. fxg3 Be4 21.
Qd1 Nc5 22. Nd4 Rd8 23. Bf4 Ne6 24. Be3 Rd6 25. Qg4 Nxd4 26. Bxd4 Rg6 27. Qf4
Bc6 28. Kh2 h6 29. Rf1 Bxa4 30. Ra1 Bc6 31. Rxa5 Qe2 32. Qf2 Qxf2 33. Bxf2 Re6
34. Kg1 Re2 35. b4 Rc2 36. Rc5 Rc1+ 37. Kh2 Rc2 38. Kg1 Rc1+ 39. Kh2 1/2-1/2